| 000 | 00476nam a22001697a 4500 | ||
|---|---|---|---|
| 005 | 20251028193129.0 | ||
| 008 | 251028b |||||||| |||| 00| 0 eng d | ||
| 020 | _a9788174733580 | ||
| 050 | _aRT67 ANA | ||
| 100 | _aAnand, N. K. | ||
| 245 |
_aPersonal Hygiene for Nurses _cN. K. Anand & Shikha Goel |
||
| 250 | _a1st ed. | ||
| 260 |
_aNew Delhi _bA.I.T.B.S. Publishers _c2008 |
||
| 300 |
_aviii. 254p. _bill. _c21.5cm |
||
| 700 | _aGoel, Shikha | ||
| 942 |
_2lcc _cBK _e1st ed. _n0 |
||
| 999 |
_c7878 _d7878 |
||